书目信息 |
| 题名: |
外国著名战争、战役
|
|
| 作者: | ;苏联军事百科全书中译本编辑组 编 | |
| 分册: | 上 | |
| 出版信息: | 北京 知识出版社 1981 |
|
| 页数: | 408页 | |
| 开本: | 21cm | |
| 丛书名: | ||
| 单 册: | ||
| 中图分类: | E19 , E82 | |
| 科图分类: | ||
| 主题词: | 战争史--外国--史料 , 战役--外国--史料 , 战役学 | |
| 电子资源: | ||
| ISBN: | ||
| 000 | 00852nam0 2200289 45 | |
| 001 | 0181002654 | |
| 005 | 20040424154050.6 | |
| 010 | @dCNY1.75 | |
| 091 | @a5214.1(上) | |
| 100 | @a19950413d1981 emky0chiy0121 ea | |
| 101 | 1 | @achi@crus |
| 102 | @aCN@b110000 | |
| 105 | @ay f 000yy | |
| 106 | @ar | |
| 200 | 10 | @a外国著名战争、战役@h上@Awai guo zhu ming zhan zheng zhan yi@f《苏联军事百科全书》中译本编辑组编 |
| 210 | @a北京@c知识出版社@d1981 | |
| 215 | @a408页@d21cm | |
| 300 | @a《苏联军事百科全书》选译 | |
| 606 | @a战争史@y外国@x史料 | |
| 606 | @a战役@y外国@x史料 | |
| 606 | 0 | @a战役学 |
| 690 | @aE19@v3 | |
| 690 | @aE82 | |
| 711 | 02 | @a苏联军事百科全书中译本编辑组@Asu lian jun shi bai ke quan shu zhong yi ben bian ji zu@4编 |
| 801 | 0 | @aCN@b上海图书馆@c20040424 |
| 801 | 2 | @aCN@bNLC@c20040424 |
| 905 | @f1@b84697@dE82@e6:1 | |
| 外国著名战争、战役.上/《苏联军事百科全书》中译本编辑组编.-北京:知识出版社,1981 |
| 408页;21cm |
| 《苏联军事百科全书》选译 |
| ISBN :CNY1.75 |
| ● |
| 相关链接 |
|
|
|
|
正题名:外国著名战争、战役
索取号:E82/6:1
 
预约/预借
| 序号 | 登录号 | 条形码 | 馆藏地/架位号 | 状态 | 备注 |
| 1 | 0084698 | 001262902 | 第一样本阅览室/ [索取号:E82/6:1] | 在馆 |